Sports Quiz

Random Sports or Olympics Quiz

Olympic Host Countries Quiz Stats

 Plays Quiz Updated Sep 12, 2018

Score 0/25 Timer 03:00
2 Plays Today
# Country % Correct
8United States
99.4%
5France
95.4%
2Germany
94.2%
3Canada
94.1%
3Japan
93.2%
1China
92.7%
1Russia
92.2%
3United Kingdom
91.8%
3Italy
91.2%
1Spain
88.6%
2Australia
88.4%
1Mexico
87%
2Greece
85.5%
# Country % Correct
1Sweden
82.3%
2Norway
81%
1Brazil
79.8%
2South Korea
74.7%
1Finland
73.1%
2Switzerland
71%
1Soviet Union
70.2%
2Austria
69.6%
1Netherlands
59.7%
1Belgium
57%
1West Germany
56.9%
1Yugoslavia
46.7%

You're not logged in!

Compare scores with friends on all Sporcle quizzes.
OR
Log In

Sporcle TV

Today on Sporcle TV


Watch our educational content, quiz creation guides, and fun videos on Sporcle TV.

Show Comments

Extras

Top Quizzes Today


Score Distribution

Your Account Isn't Verified!

In order to create a playlist on Sporcle, you need to verify the email address you used during registration. Go to your Sporcle Settings to finish the process.

Report this User

Report this user for behavior that violates our Community Guidelines.

Details: